| 000 | 00357nam a22001217a 4500 | ||
|---|---|---|---|
| 008 | 230609b xxu||||| |||| 00| 0 eng d | ||
| 082 | _a353.463 | ||
| 100 | _cGovernment of Kenya | ||
| 245 |
_aTwelfth Report of the Public Investments Committee on the Accounts of State Corporations _hVolume 1 |
||
| 260 |
_aKenya _bGOK _c2004 |
||
| 300 | _a335p | ||
| 942 |
_2ddc _cBK |
||
| 999 |
_c897 _d897 |
||